00000000nas 2200000zi 4500
0019.947273
003CaOODSP
00520250205094017
006m     o  d f      
007cr |||||||||||
008250122d19201966oncar p o    f0###b0fre|d
040 |aCaOODSP|bfre|erda|cCaOODSP
043 |an-cn---
0861 |aIu71F-PDF
24500|aRapport du Commissaire des brevets.
2463 |iLivraison de 1966 comport le titre : |aRapports du Commissaire des brevets et du Registraire des marques de commerce
264 1|aOttawa : |bImprimeur de la Reine, |c1920-1966.
336 |atexte|btxt|2rdacontent/fre
337 |ainformatique|bc|2rdamedia/fre
338 |aressource en ligne|bcr|2rdacarrier/fre
3621 |aParaît depuis : 1920; ne paraît plus après : 1966.
500 |aPublié aussi en anglais sous le titre : Report of the Commissioner of Patents for the fiscal year ending March 31.
500 |aÉdition numérisée de l'imprimé [par Innovation, Sciences et Développement économique Canada].
515 |aL'année du rapport se temine le 31 mars.
61010|aCanada. |bBureau des brevets et des droits d'auteur.
650 6|aBrevets d'invention|zCanada|vPériodiques.
650 6|aMarques de commerce|xDroit|zCanada|vPériodiques.
650 6|aDroit d'auteur|zCanada|vPériodiques.
650 6|aPropriété intellectuelle|zCanada|vPériodiques.
655 7|aPériodiques|2rvmgf
7101 |aCanada. |bBureau des brevets et des droits d'auteur, |eorganisme de publication.
77508|tReport of the Commissioner of Patents for the fiscal year ending March 31.|w(CaOODSP)9.947263
78500|tRapport annuel pour l'exercice clos le 31 mars ...|w(CaOODSP)9.871129